| 000 | 00489nam a2200169Ia 4500 | ||
|---|---|---|---|
| 999 |
_c24212 _d24212 |
||
| 003 | OSt | ||
| 005 | 20201216153820.0 | ||
| 008 | 190216s9999||||xx |||||||||||||| ||und|| | ||
| 040 | _coclc | ||
| 082 |
_a894.812 _bRAJ/B |
||
| 100 |
_aRajarajavarma, A R _97267 |
||
| 245 | 0 |
_aBhashabhushanam / _cA R Rajarajavarma |
|
| 260 |
_bKamalaya book deposit, _aTrivandrum: _c1965. |
||
| 300 | _a212p | ||
| 650 | _aSahithyam | ||
| 942 |
_cBK _2ddc _h894.812 _iRAJ/B _k894.812 _mRAJ/B |
||